000 00679nam a2200241Ia 4500
003 OSt
005 20220928113230.0
006 a|||||r|||| 00| 0
007 ta
008 220927b |||||||| |||| 00| 0 eng d
024 _a66659
037 _cTextual
040 _aSDCL
_cSDCL
_beng
041 _2eng
_aeng
082 _aY:5.43'N, P1
100 _aGuha Sumit
_9432063
245 0 _aHealth & population in South Asia
_bFrom earliest times to the present
260 _aNew Delhi
_bPermanent Black
_c2001
300 _avi,178p
_ccm.
650 _aPopulation South Asia
_9432064
942 _hY:5.43'N, P1
_cTEXL
_2CC
999 _c748630
_d748630